000 00517nam a22001817a 4500
003 URS
005 20251001173247.0
008 251001b |||||||| |||| 00| 0 eng d
040 _cURS
100 _aWaterhouse, Phil
_eauthor
245 _aThe future of chatbots/
_cPhil Waterhouse
300 _apages 22-23
336 _2rdacontent
_atext
_btxt
337 _2rdamedia
_aundemediated
_bn
338 _2rdacarrier
_avolume
_bnc
773 0 _082824
_991989
_oPIL-13541110-29-4
_tBusiness Review
_x13541110
942 _2ddc
_cCR
999 _c87095
_d87093